000 00284nam a22001217a 4500
082 _a540
_bVER/C
100 _aVERMA & VERMA
245 _aPIONEER CHEMISTRY
_bCLASS XI
260 _aDELHI
_bDHANPAT RAI & CO
_c2004
300 _a692
650 _aCHEMISTRY FOR CLASS XI
_zINDIA
942 _cBK
999 _c534
_d534